00405pab a2200145 454500008004000000100001800040245008800058260000900146300001200155362000800167650003900175650001400214700001500228773001600243180718b1998 xxu||||| |||| 00| 0 eng d aMohan Rao, K. aProvisions of the panchayats act in Andhra Pradesh: strategy for operationalisation c1998 ap.61-67 aApr aPanchayat - India - Andhra Pradesh aPanchayat aRaju, D.D. aKurukshetra